| 000 | 00412nam a22001697a 4500 | ||
|---|---|---|---|
| 005 | 20251108165907.0 | ||
| 008 | 250721s9999 xx 000 0 ara d | ||
| 082 | 1 | 4 | _aط/598/روب |
| 100 | 1 | _aروبن، ماري | |
| 245 | 1 | 0 | _aالسنونو / |
| 264 |
_bميدليفانت، _c[19-]. |
||
| 300 | _a23ص | ||
| 490 | 0 | _aزدني علما | |
| 650 | 1 | 7 | _aالطيور |
| 942 |
_2ddc _cBK |
||
| 999 |
_c34115 _d34115 |
||